Music Quiz

Random Music or Album Quiz
Score 0/25 Timer 08:00
0 Plays Today
% Correct
Cher
96.9%
Katy Perry
92.7%
Dolly Parton
89.4%
Madonna
87.2%
Janet Jackson
86.2%
Alicia Keys
82.3%
Lady Gaga
80.5%
Britney Spears
80%
The Supremes
69.7%
Aretha Franklin
69.3%
Carly Simon
67.8%
Annie Lennox
67.2%
Stevie Nicks
66.7%
% Correct
Missy Elliott
66.3%
Queen Latifah
63.3%
Cyndi Lauper
60.8%
Joni Mitchell
58.4%
Grace Jones
55.6%
Salt-n-Pepa
54.8%
Julie Andrews
50.7%
Kylie Minogue
50.1%
Ella Fitzgerald
46.8%
Debbie Gibson
45.8%
Patti Smith
43.7%
Brandy
41.6%
Remove Ads.
Support Sporcle.
Get the best of Sporcle when you Go Orange. This ad-free experience offers more features, more stats, and more fun while also helping to support Sporcle. Thank you for becoming a member.

You're not logged in!

Compare scores with friends on all Sporcle quizzes.
OR
Log In

Show Comments

Extras

Top Quizzes Today


Score Distribution

Your Account Isn't Verified!

In order to create a playlist on Sporcle, you need to verify the email address you used during registration. Go to your Sporcle Settings to finish the process.

Report this User

Report this user for behavior that violates our Community Guidelines.

Details: